[Event "Frauenbundesliga 2017-2018"]
[Site "Feffernitz, Grieskirchen, St. Veit/Glan"]
[Date "2018.04.06"]
[Round "7"]
[Board "3"]
[White "Unger, Eva"]
[Black "Molnar, Monika"]
[Result "1-0"]
[WhiteElo "1757"]
[BlackElo "1795"]
[PlyCount "111"]
[EventDate "2017.11.24"]
[EventType "team"]
[EventRounds "9"]
[EventCountry "AUT"]
[WhiteTeam "ASVOE Wulkaprodersdorf"]
[BlackTeam "Spg. Steyr"]

1. d4 d5 2. Nf3 Nf6 3. c4 e6 4. Bg5 Be7 5. Nc3 O-O 6. e3 Ne4 7. Bxe7 Nxc3 8.
Bxd8 Nxd1 9. Be7 Nxb2 10. cxd5 exd5 11. Bxf8 Kxf8 12. Ne5 f6 13. Nd3 Nc4 14.
Nf4 Nb6 15. Bd3 Kg8 16. O-O N8d7 17. Rfc1 c6 18. Rc2 Nf8 19. h3 Ne6 20. Ne2 g6
21. a4 Nd7 22. Rac1 Ndf8 23. Rb2 Nd8 24. a5 Nfe6 25. Bb1 Bd7 26. Ba2 Kg7 27.
Bb1 f5 28. h4 Nc7 29. Bd3 Ne8 30. Nc3 Ne6 31. Na4 Kf6 32. Nc5 Bc8 33. f3 h6 34.
g3 Nd6 35. Nb3 Bd7 36. Nd2 Re8 37. Nf1 Kf7 38. Rcb1 Bc8 39. Rc1 Nd8 40. Kf2 Kg8
41. Nh2 Rf8 42. Kg2 Re8 43. Re2 N8f7 44. f4 Nd8 45. Nf3 N8f7 46. Kf2 Bd7 47.
Rb1 Bc8 48. Reb2 Re7 49. Rh1 h5 50. Rc1 Ne8 51. Ne5 Nxe5 52. fxe5 Kf7 53. Rbc2
Bd7 54. Be2 Ke6 55. a6 b6 56. Rxc6+  1-0

[Event "Frauenbundesliga 2017-2018"]
[Site "Feffernitz, Grieskirchen, St. Veit/Glan"]
[Date "2018.04.06"]
[Round "7"]
[Board "4"]
[White "Nagy, Laura"]
[Black "Moerwald, Miriam"]
[Result "1-0"]
[WhiteElo "1803"]
[BlackElo "1625"]
[PlyCount "69"]
[EventDate "2017.11.24"]
[EventType "team"]
[EventRounds "9"]
[EventCountry "AUT"]
[WhiteTeam "Spg. Steyr"]
[BlackTeam "ASVOE Wulkaprodersdorf"]

1. e4 e5 2. Nf3 d6 3. d4 Nd7 4. Bc4 Be7 5. Nc3 c6 6. a4 h6 7. O-O Ngf6 8. h3
Qc7 9. Ba2 Nf8 10. Be3 Ng6 11. Qd3 O-O 12. Ne2 Rd8 13. Ng3 Bf8 14. c3 a5 15.
Rfd1 Qe7 16. dxe5 Nxe5 17. Nxe5 Qxe5 18. f4 Qe8 19. e5 Nd7 20. exd6 Nf6 21. Bc5
Qd7 22. c4 Re8 23. Bf2 b6 24. Bxb6 Bb7 25. c5 Bc8 26. Bc4 Qb7 27. Re1 Rxe1+ 28.
Rxe1 Nd7 29. Re7 Bxe7 30. dxe7 Nf6 31. Qd8+ Kh7 32. Nh5 Bf5 33. Nxf6+ gxf6 34.
e8=Q Rxd8 35. Qxd8  1-0

[Event "Frauenbundesliga 2017-2018"]
[Site "Feffernitz, Grieskirchen, St. Veit/Glan"]
[Date "2018.04.06"]
[Round "7"]
[Board "1"]
[White "Stangl, Anita"]
[Black "Borek, Jutta"]
[Result "0-1"]
[WhiteElo "2039"]
[BlackElo "2031"]
[PlyCount "56"]
[EventDate "2017.11.24"]
[EventType "team"]
[EventRounds "9"]
[EventCountry "AUT"]
[WhiteTeam "Schach ohne Grenzen"]
[BlackTeam "ASVOE Pamhagen"]

1. e4 c5 2. Nf3 Nc6 3. d4 cxd4 4. Nxd4 e5 5. Ne2 Nf6 6. Nbc3 Bc5 7. Ng3 d6 8.
Bc4 a6 9. a3 Ng4 10. Rf1 Qh4 11. h3 Nxf2 12. Qf3 O-O 13. Rxf2 Be6 14. Bd5 Bxf2+
15. Qxf2 Nd4 16. Kd1 Bxd5 17. Nxd5 f5 18. exf5 Nxf5 19. Nh1 Qe4 20. Nc3 Qc6 21.
Bd2 d5 22. g4 d4 23. Qf1 dxc3 24. gxf5 Rad8 25. Ng3 Rxd2+ 26. Kc1 Rfd8 27. bxc3
Qxc3 28. Ra2 Rxc2+  0-1

[Event "Frauenbundesliga 2017-2018"]
[Site "Feffernitz, Grieskirchen, St. Veit/Glan"]
[Date "2018.04.06"]
[Round "7"]
[Board "2"]
[White "Mira, Helene"]
[Black "Anker, Christin"]
[Result "1-0"]
[WhiteElo "2075"]
[BlackElo "1809"]
[PlyCount "51"]
[EventDate "2017.11.24"]
[EventType "team"]
[EventRounds "9"]
[EventCountry "AUT"]
[WhiteTeam "ASVOE Pamhagen"]
[BlackTeam "Schach ohne Grenzen"]

1. Nf3 {[%emt 0:00:00]} d5 {[%emt 0:00:00]} 2. d4 c6 3. Bf4 Nf6 4. e3 Bg4 5. c4
e6 6. Qb3 Qb6 7. c5 Qxb3 8. axb3 Nbd7 9. b4 Be7 10. b5 cxb5 11. Bxb5 a6 12. Ne5
Rc8 13. Bxd7+ Nxd7 14. Nxg4 O-O 15. Ne5 Nxe5 16. Bxe5 b6 17. b4 bxc5 18. bxc5
Rc6 19. O-O f6 20. Bg3 Kf7 21. Nc3 Kg6 22. Rfb1 Rfc8 23. Rb7 Bd8 24. h4 h5 25.
Ra7 a5 26. Rb1  1-0

[Event "Frauenbundesliga 2017-2018"]
[Site "Feffernitz, Grieskirchen, St. Veit/Glan"]
[Date "2018.04.06"]
[Round "7"]
[Board "3"]
[White "Wunderl, Eva"]
[Black "Horvath, Reka"]
[Result "1/2-1/2"]
[WhiteElo "1883"]
[BlackElo "2053"]
[PlyCount "74"]
[EventDate "2017.11.24"]
[EventType "team"]
[EventRounds "9"]
[EventCountry "AUT"]
[WhiteTeam "Schach ohne Grenzen"]
[BlackTeam "ASVOE Pamhagen"]

1. e4 c5 2. Nf3 d6 3. Bb5+ Nd7 4. d4 cxd4 5. Qxd4 e5 6. Qd3 a6 7. Bxd7+ Bxd7 8.
O-O h6 9. Be3 Nf6 10. Nc3 b5 11. Nd5 Nxd5 12. Qxd5 Be7 13. Rfd1 Rc8 14. Qd3 O-O
15. Nxe5 dxe5 16. Qxd7 Rxc2 17. Qb7 Qc7 18. Qxa6 Qc4 19. b3 Qb4 20. Rac1 Rd8
21. h3 Rxd1+ 22. Rxd1 Bh4 23. Qa8+ Kh7 24. Qd5 Qe7 25. Qxb5 Rxa2 26. Qd5 Qf6
27. Rd2 Ra1+ 28. Rd1 Ra2 29. Qc5 Qe6 30. b4 Qb3 31. Rc1 Qb2 32. Rf1 Ra4 33. Qc8
Qxb4 34. Qf5+ Kg8 35. Qc8+ Kh7 36. Qf5+ Kg8 37. Qc8+ Kh7  1/2-1/2

[Event "Frauenbundesliga 2017-2018"]
[Site "Feffernitz, Grieskirchen, St. Veit/Glan"]
[Date "2018.04.06"]
[Round "7"]
[Board "4"]
[White "Kosc, Renata"]
[Black "Kimpel, Janine"]
[Result "1/2-1/2"]
[WhiteElo "1989"]
[BlackElo "1872"]
[PlyCount "105"]
[EventDate "2017.11.24"]
[EventType "team"]
[EventRounds "9"]
[EventCountry "AUT"]
[WhiteTeam "ASVOE Pamhagen"]
[BlackTeam "Schach ohne Grenzen"]

1. e4 Nf6 2. e5 Nd5 3. c4 Nb6 4. c5 Nd5 5. Nc3 e6 6. d4 d6 7. cxd6 cxd6 8. Nxd5
exd5 9. Bb5+ Nc6 10. Qe2 Be7 11. Nf3 O-O 12. O-O Bg4 13. Bxc6 bxc6 14. Bf4 Re8
15. h3 Bh5 16. Rfe1 dxe5 17. dxe5 Rc8 18. g4 Bg6 19. Qd2 Qd7 20. e6 fxe6 21.
Ne5 Qb7 22. Qe3 Bd8 23. Nxg6 hxg6 24. Be5 Bb6 25. Qd3 Qf7 26. Re2 Bc7 27. Rae1
Ba5 28. Bc3 Bb6 29. b4 Rf8 30. Bd4 Rce8 31. Bc5 Bxc5 32. bxc5 e5 33. Qg3 e4 34.
Rb1 Re6 35. Reb2 Qf3 36. Qxf3 Rxf3 37. Rb8+ Kh7 38. Ra8 g5 39. Rxa7 Rxh3 40.
Rbb7 Rg6 41. Kg2 Rc3 42. Ra5 Re6 43. Raa7 Kg6 44. Rxg7+ Kf6 45. Raf7+ Ke5 46.
Rxg5+ Kd4 47. Rgf5 Rg6 48. g5 Kxc5 49. R7f6 Rg8 50. Rf8 Rg6 51. R8f6 Rg8 52.
Rf8 Rg6 53. R8f6  1/2-1/2

[Event "Frauenbundesliga 2017-2018"]
[Site "Feffernitz, Grieskirchen, St. Veit/Glan"]
[Date "2018.04.06"]
[Round "7"]
[Board "1"]
[White "Mar, Karmen"]
[Black "Hiebler, Laura"]
[Result "1-0"]
[WhiteElo "2047"]
[BlackElo "2039"]
[PlyCount "143"]
[EventDate "2017.11.24"]
[EventType "team"]
[EventRounds "9"]
[EventCountry "AUT"]
[WhiteTeam "SC Extraherb WS"]
[BlackTeam "SV OEkothek St. Veit/Glan"]

1. e4 e6 2. d4 d5 3. Nd2 c5 4. exd5 Qxd5 5. Ngf3 cxd4 6. Bc4 Qd6 7. O-O Nf6 8.
Nb3 Nc6 9. Nbxd4 Nxd4 10. Nxd4 a6 11. Re1 Qc7 12. Qe2 Bd6 13. Bg5 Be7 14. Rad1
Qc5 15. Bxf6 Bxf6 16. Bxe6 O-O 17. Bxc8 Bxd4 18. Bxb7 Rab8 19. Bxa6 Rxb2 20.
Bd3 Rxa2 21. Rb1 g6 22. h4 Rfa8 23. Rb5 Qa7 24. h5 Ra1 25. Rbb1 Rxb1 26. Rxb1
Qa2 27. Re1 Bc3 28. Rd1 Qa5 29. hxg6 hxg6 30. Qf3 Rd8 31. Rb1 Qe5 32. Qb7 Qf6
33. Qc7 Bd4 34. Qg3 Be5 35. Qe3 Kg7 36. Rb6 Bd4 37. Rxf6 Bxe3 38. Rc6 Bd4 39.
Rc7 Be5 40. Rb7 Ra8 41. g3 Rc8 42. Kg2 Rc7 43. Rb5 Bc3 44. Kf3 Kf6 45. Ke3 Re7+
46. Kf3 Re5 47. Rb6+ Re6 48. Rb3 Rc6 49. Be4 Rc7 50. Ke3 Kg5 51. Kd3 Be1 52.
Ke2 Bc3 53. f3 Rc5 54. Kd3 Be1 55. g4 f5 56. gxf5 gxf5 57. Bb7 Bf2 58. c4 f4
59. Be4 Kf6 60. Rb6+ Ke7 61. Ra6 Rc7 62. Bd5 Kd7 63. Ke4 Be3 64. Ke5 Bd2 65.
Rg6 Kd8 66. Rg8+ Kd7 67. Rg6 Kd8 68. Bc6 Re7+ 69. Kd6 Bb4+ 70. c5 Rd7+ 71. Bxd7
Bxc5+ 72. Kxc5  1-0

[Event "Frauenbundesliga 2017-2018"]
[Site "Feffernitz, Grieskirchen, St. Veit/Glan"]
[Date "2018.04.06"]
[Round "7"]
[Board "2"]
[White "Polterauer, Chiara"]
[Black "Zechner, Andrea"]
[Result "1-0"]
[WhiteElo "2190"]
[BlackElo "1818"]
[PlyCount "59"]
[EventDate "2017.11.24"]
[EventType "team"]
[EventRounds "9"]
[EventCountry "AUT"]
[WhiteTeam "SV OEkothek St. Veit/Glan"]
[BlackTeam "SC Extraherb WS"]

1. e4 c6 2. c4 d5 3. exd5 cxd5 4. cxd5 Nf6 5. Nc3 Nxd5 6. Nf3 Nc6 7. d4 e6 8.
Bd3 Be7 9. O-O O-O 10. Re1 Ncb4 11. Bb1 Nf6 12. Bg5 b6 13. a3 Nbd5 14. Qd3 g6
15. Bh6 Re8 16. Ne5 Bf8 17. Bg5 Bb7 18. Ne4 Be7 19. Qf3 Rf8 20. Bh6 Nxe4 21.
Bxe4 f5 22. Bxf8 Bxf8 23. Bxd5 Bxd5 24. Qg3 Bd6 25. Rac1 Qf6 26. Nd7 Qe7 27.
Nf6+ Qxf6 28. Qxd6 Qxd4 29. Rxe6 Qxb2 30. Qxd5  1-0

[Event "Frauenbundesliga 2017-2018"]
[Site "Feffernitz, Grieskirchen, St. Veit/Glan"]
[Date "2018.04.06"]
[Round "7"]
[Board "3"]
[White "Majkovski, Sarah"]
[Black "Tarmastin, Laura"]
[Result "0-1"]
[WhiteElo "1633"]
[BlackElo "1883"]
[PlyCount "66"]
[EventDate "2017.11.24"]
[EventType "team"]
[EventRounds "9"]
[EventCountry "AUT"]
[WhiteTeam "SC Extraherb WS"]
[BlackTeam "SV OEkothek St. Veit/Glan"]

1. e4 {[%emt 0:00:00]} e5 2. Nf3 Nc6 3. Nc3 Nf6 4. d4 exd4 5. Nxd4 Bc5 6. Nb3
Bb6 7. Qe2 d6 8. Bg5 h6 9. Bh4 g5 10. Bg3 Bg4 11. f3 Bh5 12. O-O-O Qe7 13. Nd5
Nxd5 14. exd5 Qxe2 15. Bxe2 Ne7 16. Rhe1 O-O-O 17. Bd3 Ng6 18. Nd4 Rhe8 19. Nf5
Rg8 20. Nxh6 Rgf8 21. Nf5 Rh8 22. Ng7 Nf4 23. Bxf4 gxf4 24. Nf5 Kb8 25. Re4 Bg6
26. Rxf4 Rxh2 27. Rg4 a6 28. Re1 Bxf5 29. Bxf5 Rdh8 30. Rg7 Bd4 31. Rg4 Be5 32.
c3 Ka7 33. Rg5 Bf4+  0-1

[Event "Frauenbundesliga 2017-2018"]
[Site "Feffernitz, Grieskirchen, St. Veit/Glan"]
[Date "2018.04.06"]
[Round "7"]
[Board "4"]
[White "Krassnitzer, Maria"]
[Black "Mattersberger, Melanie"]
[Result "1/2-1/2"]
[WhiteElo "1620"]
[BlackElo "1678"]
[PlyCount "37"]
[EventDate "2017.11.24"]
[EventType "team"]
[EventRounds "9"]
[EventCountry "AUT"]
[WhiteTeam "SV OEkothek St. Veit/Glan"]
[BlackTeam "SC Extraherb WS"]

1. d4 {[%emt 0:00:00]} Nf6 2. Nf3 g6 3. Bf4 Bg7 4. e3 d6 5. h3 O-O 6. Be2 Bf5
7. O-O Nbd7 8. c4 c5 9. b3 Ne4 10. Nh4 cxd4 11. exd4 e5 12. Nxf5 exf4 13. Nxg7
Kxg7 14. Qd3 Ndf6 15. Nd2 Ng5 16. Nf3 Nge4 17. Nd2 Ng5 18. Nf3 Nge4 19. Nd2
 1/2-1/2

[Event "Frauenbundesliga 2017-2018"]
[Site "Feffernitz, Grieskirchen, St. Veit/Glan"]
[Date "2018.04.06"]
[Round "7"]
[Board "2"]
[White "Kurapova, Olga"]
[Black "Kordzadze, Nino"]
[Result "0-1"]
[WhiteElo "1964"]
[BlackElo "1935"]
[PlyCount "132"]
[EventDate "2017.11.24"]
[EventType "team"]
[EventRounds "9"]
[EventCountry "AUT"]
[WhiteTeam "SK Dornbirn"]
[BlackTeam "SK Baden"]

1. d4 {[%emt 0:00:00]} f5 2. c4 e6 3. Nc3 Nf6 4. Nf3 Be7 5. g3 O-O 6. Bg2 d6 7.
O-O a5 8. Re1 Ne4 9. Qc2 Nxc3 10. bxc3 Nc6 11. e4 e5 12. Qb3 a4 13. Qc2 Kh8 14.
Ba3 f4 15. d5 Nb8 16. c5 Bg4 17. cxd6 Bxd6 18. Bxd6 cxd6 19. Nh4 g6 20. Rab1 b6
21. h3 Bd7 22. Nf3 fxg3 23. fxg3 Na6 24. Qd2 Kg7 25. Qg5 Qc7 26. Rf1 b5 27. Nh4
Qd8 28. Qe3 Nc5 29. Nf3 Rc8 30. Rf2 Nxe4 31. Qxe4 Bf5 32. Qb4 Bxb1 33. Qxb1 Qb6
34. Qb2 h6 35. Qd2 Qc5 36. Qd3 Qc4 37. Qxc4 Rxc4 38. Bf1 Rxc3 39. Kg2 b4 40.
Bb5 b3 41. axb3 axb3 42. Nd2 Rc2 43. Re2 b2 44. Nb1 Rxe2+ 45. Bxe2 e4 46. Bg4
Ra8 47. Bd1 Rc8 48. Bb3 Rc1 49. Ba2 Rc2+ 50. Kf1 Kf6 51. Ke1 Ke5 52. Nd2 Rc1+
53. Ke2 Rh1 54. h4 Kd4 55. Nf1 g5 56. Kf2 gxh4 57. gxh4 Rxh4 58. Ng3 Rh2+ 59.
Ke1 h5 60. Kd1 h4 61. Nf5+ Ke5 62. Ne3 Kf4 63. Nc4 Rh1+ 64. Kc2 b1=Q+ 65. Bxb1
Rxb1 66. Kxb1 h3  0-1

[Event "Frauenbundesliga 2017-2018"]
[Site "Feffernitz, Grieskirchen, St. Veit/Glan"]
[Date "2018.04.06"]
[Round "7"]
[Board "3"]
[White "Stallinger, Vanessa"]
[Black "Kirschenhofer, Sabine"]
[Result "1-0"]
[WhiteElo "1789"]
[BlackElo "1536"]
[PlyCount "55"]
[EventDate "2017.11.24"]
[EventType "team"]
[EventRounds "9"]
[EventCountry "AUT"]
[WhiteTeam "SK Baden"]
[BlackTeam "SK Dornbirn"]

1. e4 e5 2. Nf3 Nf6 3. Nc3 Nc6 4. Bb5 Nd4 5. Ba4 b5 6. Nxb5 Nxb5 7. Bxb5 Nxe4
8. O-O Bd6 9. Re1 Bb7 10. d3 a6 11. Bc4 Nc5 12. Nxe5 Ne6 13. d4 O-O 14. c3 Bxe5
15. Rxe5 d6 16. Re3 Nf4 17. Rg3 Qf6 18. Qg4 Ne6 19. d5 Nc5 20. Bg5 Qg6 21. Qh4
Qe4 22. Rg4 Qc2 23. Bf6 Qg6 24. Rxg6 fxg6 25. Bd4 Nd7 26. Qe7 Nf6 27. Bxf6 Rxf6
28. Qxc7  1-0

[Event "Frauenbundesliga 2017-2018"]
[Site "Feffernitz, Grieskirchen, St. Veit/Glan"]
[Date "2018.04.06"]
[Round "7"]
[Board "4"]
[White "Bas, Aydan"]
[Black "Panzenboeck, Sophie"]
[Result "0-1"]
[WhiteElo "1497"]
[BlackElo "1509"]
[PlyCount "106"]
[EventDate "2017.11.24"]
[EventType "team"]
[EventRounds "9"]
[EventCountry "AUT"]
[WhiteTeam "SK Dornbirn"]
[BlackTeam "SK Baden"]

1. Nf3 d5 2. d3 c5 3. Nbd2 Nc6 4. e4 e5 5. g3 d4 6. Bg2 Be7 7. O-O g5 8. Nc4 f6
9. h4 Bg4 10. hxg5 fxg5 11. Qe1 Bxf3 12. Bxf3 h5 13. Kg2 g4 14. Be2 Bg5 15.
Bxg5 Qxg5 16. Nd6+ Ke7 17. Nf5+ Kd7 18. Rh1 Nge7 19. Qd1 Rag8 20. Nxe7 Kxe7 21.
Qc1 Qf6 22. Rh4 Rf8 23. Qg1 Kd6 24. Kf1 Ne7 25. Ke1 Ng6 26. Rh2 Qg5 27. Kd1
Rfg8 28. Rg2 Nf8 29. Qh2 Ne6 30. f3 Qe3 31. Qg1 Qxg1+ 32. Rxg1 gxf3 33. Bxf3 h4
34. Kd2 hxg3 35. Rae1 Nf4 36. Rh1 Rh3 37. Reg1 Rxh1 38. Rxh1 Rg7 39. Rg1 b5 40.
a3 a5 41. Bg2 c4 42. Bf3 cxd3 43. cxd3 Kc5 44. Rc1+ Kb6 45. Rg1 b4 46. axb4
axb4 47. b3 Kb5 48. Rh1 Rc7 49. Bd1 g2 50. Rg1 Rh7 51. Bf3 Ra7 52. Kc2 Ra2+ 53.
Kb1 Rf2  0-1

[Event "Frauenbundesliga 2017-2018"]
[Site "Feffernitz, Grieskirchen, St. Veit/Glan"]
[Date "2018.04.07"]
[Round "8"]
[Board "1"]
[White "Wu, Min"]
[Black "Novkovic, Julia"]
[Result "1/2-1/2"]
[WhiteElo "1948"]
[BlackElo "2151"]
[PlyCount "165"]
[EventDate "2017.11.24"]
[EventType "team"]
[EventRounds "9"]
[EventCountry "AUT"]
[WhiteTeam "Mayrhofen/SK Zell/Zillertal"]
[BlackTeam "SK Dornbirn"]

1. Nf3 g6 2. d4 Bg7 3. b3 c5 4. Bb2 cxd4 5. Nxd4 Nf6 6. g3 Qa5+ 7. Qd2 Qd5 8.
Nf3 O-O 9. Bg2 Qh5 10. Qg5 Qxg5 11. Nxg5 Nc6 12. O-O d5 13. Nd2 h6 14. Ngf3 Be6
15. Rac1 Rad8 16. Rfd1 Rfe8 17. Nd4 Bg4 18. N2f3 Nxd4 19. Bxd4 Ne4 20. Bxg7
Kxg7 21. h3 Bc8 22. e3 Nc3 23. Rd2 a6 24. a4 b6 25. Kh2 Bb7 26. Nd4 Rc8 27. h4
Rc7 28. Ne2 e6 29. h5 Nxe2 30. Rxe2 gxh5 31. Bf3 Rc3 32. Bxh5 Rec8 33. Rd2 Rxb3
34. e4 Rb4 35. exd5 Bxd5 36. Ra1 Rc5 37. Be2 Ra5 38. c4 Bxc4 39. Rd4 Rc5 40. a5
bxa5 41. Bxc4 Rbxc4 42. Rxc4 Rxc4 43. Rxa5 Rc6 44. g4 Kf6 45. f4 Kg6 46. Kg3
Rc3+ 47. Kh4 Rc6 48. Kg3 Rd6 49. Kh4 Kf6 50. f5 exf5 51. gxf5 Rd4+ 52. Kh5 Rf4
53. Rxa6+ Kxf5 54. Kxh6 Kg4 55. Ra8 Rb4 56. Rg8+ Kf4 57. Rf8 f5 58. Kg6 Rb6+
59. Kh5 Rb1 60. Kg6 Rh1 61. Kf6 Rf1 62. Ra8 Rf2 63. Ra7 Rf3 64. Ra8 Kg3 65. Ke5
f4 66. Rg8+ Kh3 67. Ke4 Rf1 68. Rh8+ Kg4 69. Rg8+ Kh4 70. Rh8+ Kg5 71. Rg8+ Kh5
72. Rh8+ Kg6 73. Rg8+ Kf6 74. Rf8+ Kg5 75. Rg8+ Kh5 76. Rh8+ Kg6 77. Rg8+ Kh6
78. Rh8+ Kg7 79. Rh4 f3 80. Rf4 f2 81. Ke3 Kg6 82. Rxf2 Rxf2 83. Kxf2  1/2-1/2

[Event "Frauenbundesliga 2017-2018"]
[Site "Feffernitz, Grieskirchen, St. Veit/Glan"]
[Date "2018.04.07"]
[Round "8"]
[Board "2"]
[White "Kurapova, Olga"]
[Black "Mayrhuber, Nikola"]
[Result "1-0"]
[WhiteElo "1964"]
[BlackElo "2061"]
[PlyCount "73"]
[EventDate "2017.11.24"]
[EventType "team"]
[EventRounds "9"]
[EventCountry "AUT"]
[WhiteTeam "SK Dornbirn"]
[BlackTeam "Mayrhofen/SK Zell/Zillertal"]

1. d4 d5 2. c4 e6 3. cxd5 exd5 4. Nc3 c6 5. Bf4 Bd6 6. Bg3 Ne7 7. e3 Nf5 8. Bd3
g6 9. Nf3 O-O 10. Bxd6 Nxd6 11. h4 Bf5 12. Bxf5 Nxf5 13. g4 Nd6 14. h5 Nd7 15.
Qc2 Qf6 16. Rh3 Rfe8 17. hxg6 fxg6 18. O-O-O Ne4 19. Rdh1 Nf8 20. Nxe4 Rxe4 21.
Ne5 Qg7 22. Qb3 Re8 23. f3 R8xe5 24. dxe5 Rc4+ 25. Kb1 Qxe5 26. Qxb7 h5 27.
Qxa7 c5 28. gxh5 Qf5+ 29. e4 dxe4 30. hxg6 exf3+ 31. Ka1 Nxg6 32. Qa8+ Kg7 33.
Rxf3 Qg5 34. Qb7+ Ne7 35. Rff1 Rg4 36. Re1 Kf6 37. Qxe7+  1-0

[Event "Frauenbundesliga 2017-2018"]
[Site "Feffernitz, Grieskirchen, St. Veit/Glan"]
[Date "2018.04.07"]
[Round "8"]
[Board "3"]
[White "Schloffer, Jasmin-Denise"]
[Black "Kirschenhofer, Sabine"]
[Result "1-0"]
[WhiteElo "2109"]
[BlackElo "1536"]
[PlyCount "95"]
[EventDate "2017.11.24"]
[EventType "team"]
[EventRounds "9"]
[EventCountry "AUT"]
[WhiteTeam "Mayrhofen/SK Zell/Zillertal"]
[BlackTeam "SK Dornbirn"]

1. d4 d5 2. c4 e6 3. Nc3 c5 4. cxd5 exd5 5. Nf3 cxd4 6. Nxd4 Nf6 7. g3 Be7 8.
Bg2 O-O 9. O-O Nc6 10. Bg5 h6 11. Be3 Re8 12. Rc1 Bf8 13. Nxc6 bxc6 14. Na4 Bd7
15. Nc5 Bxc5 16. Bxc5 Qa5 17. Qc2 Qb5 18. e3 a6 19. Rfd1 Ne4 20. b4 Nxc5 21.
Qxc5 Qxc5 22. Rxc5 Rab8 23. a3 Rbd8 24. Rdc1 Rc8 25. Bf1 Ra8 26. Ra5 Bc8 27.
Rxc6 Re6 28. Rxe6 fxe6 29. Rc5 Kf7 30. Bg2 Rb8 31. Kf1 Kf6 32. Ke2 Bd7 33. Kd2
Bb5 34. Bf3 Rd8 35. Be2 Bxe2 36. Kxe2 Rd7 37. Kd3 g6 38. Rc6 Ra7 39. Kd4 Ra8
40. Kc5 h5 41. Kb6 Rf8 42. a4 Rb8+ 43. Ka5 Rb7 44. Rxa6 Rc7 45. b5 Ke7 46. Rc6
Ra7+ 47. Kb4 Kd7 48. a5  1-0

[Event "Frauenbundesliga 2017-2018"]
[Site "Feffernitz, Grieskirchen, St. Veit/Glan"]
[Date "2018.04.07"]
[Round "8"]
[Board "4"]
[White "Bas, Aydan"]
[Black "Konecny, Sophie"]
[Result "0-1"]
[WhiteElo "1497"]
[BlackElo "1818"]
[PlyCount "56"]
[EventDate "2017.11.24"]
[EventType "team"]
[EventRounds "9"]
[EventCountry "AUT"]
[WhiteTeam "SK Dornbirn"]
[BlackTeam "Mayrhofen/SK Zell/Zillertal"]

1. Nf3 Nf6 2. d3 e6 3. e4 d5 4. Nbd2 c5 5. g3 b6 6. Bg2 Bb7 7. e5 Nfd7 8. O-O
Be7 9. Re1 O-O 10. Nf1 Nc6 11. h4 Qe8 12. N1h2 f6 13. exf6 Bxf6 14. Ng5 Bxg5
15. Bxg5 Qf7 16. Qe2 Nd4 17. Qd2 h6 18. Bf4 Nf5 19. Nf3 Qf6 20. Ne5 Rad8 21. h5
Nh4 22. Ng4 Qf5 23. Qe2 Nxg2 24. Kxg2 d4+ 25. Kg1 e5 26. Nxe5 Rde8 27. Qg4 Nxe5
28. Qxf5 Rxf5  0-1

[Event "Frauenbundesliga 2017-2018"]
[Site "Feffernitz, Grieskirchen, St. Veit/Glan"]
[Date "2018.04.07"]
[Round "8"]
[Board "1"]
[White "Hiebler, Laura"]
[Black "Kordzadze, Nino"]
[Result "0-1"]
[WhiteElo "2039"]
[BlackElo "1935"]
[PlyCount "69"]
[EventDate "2017.11.24"]
[EventType "team"]
[EventRounds "9"]
[EventCountry "AUT"]
[WhiteTeam "SV OEkothek St. Veit/Glan"]
[BlackTeam "SK Baden"]

1. c4 {[%emt 0:00:00]} e6 2. g3 f5 3. Bg2 Nf6 4. b3 Be7 5. Bb2 d6 6. Nc3 O-O 7.
d4 a5 8. Nf3 Qe8 9. O-O Qh5 10. Nd2 Ng4 11. h3 Nh6 12. e4 Qg6 13. exf5 Nxf5 14.
Nde4 Nd7 15. Nb5 Bd8 16. Qg4 Qe8 17. Rfe1 Nf6 18. Nxf6+ Rxf6 19. Bc1 h5 20. Qe2
c6 21. Nc3 Bb6 22. Ne4 Rf8 23. Bb2 Nxd4 24. Bxd4 Bxd4 25. Rad1 e5 26. Kh2 Qg6
27. Rf1 Bf5 28. Bf3 Qh6 29. Nd2 h4 30. Bg2 Rf6 31. Nf3 hxg3+ 32. fxg3 Bg4 33.
Qd2 Be3 34. Qd3 Raf8 35. Qe2  0-1

[Event "Frauenbundesliga 2017-2018"]
[Site "Feffernitz, Grieskirchen, St. Veit/Glan"]
[Date "2018.04.07"]
[Round "8"]
[Board "2"]
[White "Stallinger, Vanessa"]
[Black "Polterauer, Chiara"]
[Result "1/2-1/2"]
[WhiteElo "1789"]
[BlackElo "2190"]
[PlyCount "131"]
[EventDate "2017.11.24"]
[EventType "team"]
[EventRounds "9"]
[EventCountry "AUT"]
[WhiteTeam "SK Baden"]
[BlackTeam "SV OEkothek St. Veit/Glan"]

1. e4 e5 2. Nf3 Nc6 3. Bb5 a6 4. Ba4 Nf6 5. O-O Be7 6. Re1 b5 7. Bb3 d6 8. c3
O-O 9. h3 Nb8 10. d4 Nbd7 11. Nbd2 Bb7 12. Bc2 Re8 13. Nf1 Bf8 14. Ng3 g6 15.
b3 Bg7 16. Bb2 d5 17. exd5 exd4 18. Rxe8+ Qxe8 19. c4 bxc4 20. bxc4 Nb6 21. Bb3
c5 22. dxc6 Qxc6 23. Qxd4 Nh5 24. Qd2 Bxb2 25. Qxb2 Nf4 26. Qc3 Rd8 27. Qe3 Qf6
28. Rd1 Rxd1+ 29. Bxd1 Nxc4 30. Qe8+ Kg7 31. Kh2 Qb2 32. Ng5 Bd5 33. Bf3 Qxf2
34. Bxd5 Nxd5 35. Qe4 Nce3 36. a4 Nf6 37. Qf3 Qe1 38. Qb7 Nf1+ 39. Nxf1 Qe5+
40. Ng3 Qxg5 41. Qxa6 Qf4 42. Qd3 Qxa4 43. Ne2 Qh4 44. Qf3 h5 45. Kg1 Qe1+ 46.
Kh2 Qh4 47. Kg1 Ne4 48. Qf1 Qg5 49. Qf3 Qe5 50. Qe3 Qd5 51. Nd4 Nf6 52. Nf3
Qd1+ 53. Kh2 Qd6+ 54. Kg1 Qg3 55. Qc3 Qf4 56. Qc5 Qe4 57. Qc3 Qb1+ 58. Kh2 Qb8+
59. Kg1 Qb6+ 60. Kh2 Qd6+ 61. Kg1 Qd5 62. Qb2 Qc5+ 63. Kh2 Qf5 64. Qd2 Nd5 65.
Qd4+ Nf6 66. Qc3  1/2-1/2

[Event "Frauenbundesliga 2017-2018"]
[Site "Feffernitz, Grieskirchen, St. Veit/Glan"]
[Date "2018.04.07"]
[Round "8"]
[Board "3"]
[White "Tarmastin, Laura"]
[Black "Panzenboeck, Sophie"]
[Result "1-0"]
[WhiteElo "1883"]
[BlackElo "1509"]
[PlyCount "83"]
[EventDate "2017.11.24"]
[EventType "team"]
[EventRounds "9"]
[EventCountry "AUT"]
[WhiteTeam "SV OEkothek St. Veit/Glan"]
[BlackTeam "SK Baden"]

1. Nf3 {[%emt 0:00:00]} d5 {[%emt 0:00:00]} 2. g3 Nf6 3. Bg2 c6 4. d3 Bf5 5.
Nbd2 Qc8 6. O-O Bh3 7. e4 Bxg2 8. Kxg2 dxe4 9. Nxe4 Nbd7 10. Re1 Nxe4 11. dxe4
e5 12. Be3 f6 13. c3 g5 14. b4 h5 15. Qb3 h4 16. Qe6+ Be7 17. Red1 hxg3 18.
hxg3 Nb6 19. Qxc8+ Nxc8 20. Nd2 Nd6 21. a4 Kf7 22. Rh1 Rhg8 23. c4 f5 24. f3 f4
25. Bf2 g4 26. gxf4 exf4 27. fxg4 Bf6 28. Rac1 Rxg4+ 29. Kf3 Rg7 30. c5 Ne8 31.
Nc4 Rd8 32. Rcd1 Rxd1 33. Rxd1 Bg5 34. Rd7+ Kf8 35. Rxg7 Kxg7 36. Na5 Bd8 37.
Nxb7 Bc7 38. Bd4+ Kg6 39. b5 cxb5 40. axb5 Nf6 41. c6 Bb8 42. Bxa7  1-0